| 000 | 01580 a2200253 4500 | ||
|---|---|---|---|
| 003 | Nust | ||
| 005 | 20170207154013.0 | ||
| 010 | _a 2003269688 | ||
| 020 | _a0596002726 | ||
| 040 | _cNust | ||
| 082 | 0 | 0 | _a005.432 |
| 245 | 0 | 0 |
_aRunning Linux (E-BOOK) _cMatt Welsh ... [et al.]. |
| 250 | _a4th ed. | ||
| 260 |
_aSebastopol, CA : _bO'Reilly, _cc2003. |
||
| 300 |
_axviii, 672 p. : _bill. ; _c24 cm. |
||
| 500 | _aPrevious eds. entered under Welsh. | ||
| 505 | _aIntroduction To Linux (Page- 9) Preparing To Install Linux (Page-41) Installation And Initial Configuration (Page-50) Basic Unix Commands And Concepts(Page-82) Essential System Management (Page-114) Managing Filesystems, Swap Space, And Devices (Page-145) Upgrading Software And The Kernel (Page-167) Other Administrative Tasks(Page-212) Editors, Text Tools, Graphics, And Printing (Page-259) Installing The X Window System(Page-323) Customizing Your X Environment(Page-340) Windows Compatibility And Samba (Page-378) Programming Languages (Page-399) Tools For Programmers (Page-437) TCP/IP And PPP (Page-475) The World Wide Web And Electronic Mail (Page-514) Basic Security (Page-542) LAMP (Page-561) | ||
| 650 | 0 | _aOperating systems (Computers) | |
| 651 | _aE-BOOK | ||
| 700 | 1 | _aWelsh, Matt. | |
| 856 | 4 | 2 |
_3Contributor biographical information _uhttp://www.loc.gov/catdir/enhancements/fy0913/2003269688-b.html |
| 856 | 4 | 2 |
_3Publisher description _uhttp://www.loc.gov/catdir/enhancements/fy0915/2003269688-d.html |
| 856 | 4 | 2 |
_3Table of contents only _uhttp://www.loc.gov/catdir/enhancements/fy1009/2003269688-t.html |
| 942 |
_2ddc _cBK |
||
| 999 |
_c191294 _d191294 |
||